|
|
|
|
| LEADER |
00000nam a22000007a 4500 |
| 005 |
20180402221643.0 |
| 007 |
cr|||| |||| |
| 008 |
180402s2016 mx |||||s|||| 00||0 spa d |
| 020 |
|
|
|a 978-607-8156-42-9
|
| 035 |
|
|
|a 21196
|
| 040 |
|
|
|a vLex
|
| 090 |
|
|
|c 7640
|d 7640
|
| 100 |
1 |
|
|a Garca̕ Flores, Alan Jair
|
| 245 |
1 |
0 |
|a Seguridad ciudadana y polt̕ica criminal
|h [Recurso electrn̤ico] :
|b ¿Cambio paradigmt̀ico o discurso simbl̤ico? /
|c Alan Jair Garca̕ Flores
|
| 256 |
|
|
|a Servicio en ln̕ea
|
| 260 |
|
|
|a Veracruz:
|b Universidad de Xalapa,
|c 2016
|
| 300 |
|
|
|a 1 recurso electrn̤ico (296 p.)
|
| 506 |
1 |
|
|a Disponible solo en los productos indicados
|d vLex Global
|d vLex Global (Academic Edition, excluding Law Schools)
|d vLex Global (U.S. Academic Edition, Law Schools)
|d vLex Global (U.S. Academic Edition, excluding Law Schools)
|d vLex Global (Academic Edition, Law Schools)
|
| 650 |
0 |
4 |
|a Derecho Penal
|z Mx̌ico
|
| 650 |
0 |
4 |
|a Derecho Pb︢lico y Administrativo
|z Mx̌ico
|
| 740 |
0 |
|
|a vLex Libros (Servicio en ln̕ea)
|
| 856 |
4 |
0 |
|u http://vlex.com/source/seguridad-ciudadana-politica-criminal-cambio-paradigmatico-discurso-simbolico-21196
|z Acceso restringido
|
| 942 |
|
|
|c BOOK
|
| 999 |
0 |
|
|a Criminal Law
|
| 999 |
0 |
|
|a Public and Administrative Law
|